000 00325nam a2200133Ia 4500
008 190216s9999||||xx |||||||||||||| ||und||
100 _a"Savarirayan. Sj, Krishnan. G And Venkatesan. K.S"
245 2 _aA Text Book Of Heat
250 _a3rd Ed.
260 _bNull
_c1965
300 _a308
650 _aPhysics
942 _cBK
999 _c32719
_d32719